000
002610000a22000970004500
100
1
_a
Hesselgrave, David J.
245
1
0
_a
World evangelization by the year 2000?
300
_a
Vol. 15, Núm 51 (1988), Páginas 13-14
773
0
_t
World Evangelization
942
_c
ANA
999
_c
58095
_d
58095